000 00442nam a2200145Ia 4500
008 231129s2005||||xx |||||||||||||| ||spa||
020 _a970-10-4982-9
040 _bspa
082 _a005.1 S292a
100 _aSchach Stephen R.
245 0 _aAnálisis y diseño orientado a objetos con UML y el proceso unificado
260 _c2005
264 _aMéxico : McGraw-Hill Interamericana
942 _2ddc
_cBKS
999 _c5138
_d5138